Every Mayor German Football Team - Statistics

General Stats
  • This quiz has been taken 21 times
  • The average score is 83 of 120
Answer Stats
Picture Answer % Correct
1.FC Köln
100%
Bayer 04 Leverkusen
100%
Borussia Dortmund
100%
FC Bayern München
100%
Hamburger SV
100%
1.FC Nürnberg
95%
Eintracht Frankfurt
95%
FC Schalke 04
95%
Hannover 96
95%
Hertha BSC
95%
VfB Stuttgart
95%
Werder Bremen
95%
1.FC Lokomotive Leipzig
90%
1.FC Magdeburg
90%
1.FC Union
90%
Borussia Mönchengladbach
90%
FC St.Pauli
90%
MSV Duisburg
90%
SC Paderborn
90%
SG Dynamo Dresden
90%
SV Darmstadt 98
90%
SV Waldhof Mannheim
90%
VfL Bochum
90%
1.FC Heidenheim
85%
1.FC Kaiserslautern
85%
1.FSV Mainz 05
85%
Energie Cottbus
85%
FC Augsburg
85%
FC Ingolstadt
85%
SV Holstein Kiel
85%
SV Wehen Wiesbaden
85%
Carl Zeiss Jena
80%
Eintracht Braunschweig
80%
FC Hansa Rostock
80%
FSV Zwickau
80%
SV Sandhausen
80%
TSV 1860 München
80%
Allemannia Aachen
75%
FC Erzgebierge Aue
75%
Fortuna Düsseldorf
75%
Rot-Weiss Essen
75%
SC Freiburg
75%
SG Dynamo Schwerin
75%
SpVgg Greuther Fürth
75%
TSG Hoffenheim
75%
VfL Wolfsburg
75%
Viktoria Köln
75%
1.CfR Pforzheim
70%
1.FC Bocholt
70%
1.FC Saarbrücken
70%
Altona 93
70%
BSG Chemie Leipzig
70%
FC Astoria Walldorf
70%
FC Babelsberg 03
70%
FC Eintracht Bamberg
70%
FC Homburg
70%
FC Nöttingen
70%
FSV Frankfurt
70%
Greifswalder FC
70%
Hertha Berlin Zehlendorf
70%
Karlsruher SC
70%
KFC Uerdingen
70%
Kickers Offenbach
70%
KSV Hessen Kassel
70%
Rot-Weiss Ahlen
70%
Rot.Weiss Koblenz
70%
Rot-Weiss Oberhausen
70%
SC Fortuna Köln
70%
SG Sonnenhof Grossaspach
70%
Sportsfreunde Lotte
70%
SpVgg Bayreuth
70%
SpVgg Unterhaching
70%
SV Bergisch Gladbach 09
70%
SV Rödinghausen
70%
SV Tasmania Berlin
70%
SV Wacker Burghausen
70%
TSV Havelse
70%
TSV Schott Mainz
70%
Türkgücü München
70%
VfB Lübeck
70%
Weiche Flensburg
70%
Wuppertaler SV
70%
Arminia Bielefeld
65%
Schwarz-Weiss Essen
65%
SSV Jahn Regensburg
65%
SV Eintracht Trier
65%
Tennis Borussia Berlin
65%
Bahlinger SC
60%
SC Preussen Münster
60%
SSV Ulm
60%
1.FC Phönix Lübeck
55%
BFC Dynamo
55%
FC Rot-Weiss Erfurt
55%
SC Verl
55%
SV Elversberg
55%
VFL Osnabrück
55%
Delay Sports Berlin
50%
Stuttgarter Kickers
50%
1.FC Schweinfurt 05
45%
Chemnitzer FC
45%
FV Illertissen
45%
SG Wattenscheid 09
45%
VfR Aalen
45%
FC Gütersloh
40%
FC Viktoria Berlin
40%
Hallischer FC
40%
SSV Reutlingen
40%
SV Meppen
40%
Würzburger Kickers
40%
Bremer SV
35%
Eintracht Norderstedt
35%
FC 08 Villingen
35%
FK Pirmasens
35%
SV Atlas Delmenhorst
35%
TuS Koblenz
35%
VfB Oldenburg
35%
Viktoria Aschaffenburg
30%
Sportsfreunde Siegen
25%
SC Viktoria Hamburg
20%
TSG Balingen
20%
No matching quizzes found
Score Distribution
Percent of People with Each Score
Percentile by Number Answered
Your Score History
You have not taken this quiz